Butlletí de l'Escola Municipal d'Arts i Oficis de Manresa : l'ahir i l'avui de l'escola l'ahir i l'avui de l'escola
Descripción Física:
1 volum : il·lustracions ; 22 cm
Materias:
Escola Municipal d'Arts i Oficis de Manresa
; Formació professional -- Catalunya -- Revistes
; Revistes
Idioma:
Catalán
MARC
| LEADER | 00000nas a2200000 a 4500 | ||
|---|---|---|---|
| 001 | 15879 | ||
| 003 | Arxiu | ||
| 005 | 20260324180119.0 | ||
| 008 | 160829d1982 spc xx cat c | ||
| 017 | |a DL B 22665-1982 | ||
| 040 | |a AGDB | ||
| 080 | |a Revistes | ||
| 245 | 0 | 0 | |a Butlletí de l'Escola Municipal d'Arts i Oficis de Manresa : |b l'ahir i l'avui de l'escola |
| 260 | |a Manresa : |b Escola Municipal d'Arts i Oficis de Manresa , |c 1982- | ||
| 300 | |a 1 volum : |b il·lustracions ; |c 22 cm | ||
| 362 | |a Núm. 0 (1982, juny) - | ||
| 590 | |a Prové de G-545, exp. 81. | ||
| 590 | |a Descripció basada en el núm. 0 (1982) | ||
| 610 | 2 | 0 | |9 56299 |a Escola Municipal d'Arts i Oficis de Manresa |
| 650 | 0 | |a Formació professional |z Catalunya |v Revistes |9 46766 | |
| 655 | 0 | |9 55823 |a Revistes | |
| 710 | 2 | |9 56299 |a Escola Municipal d'Arts i Oficis de Manresa |e entitat autora | |
| 866 | |a 1982 (0) | ||
| 901 | |a Arxiu | ||
| 942 | |n 1 |2 udc |c REV | ||
| 952 | |0 0 |1 0 |4 0 |6 REV2093 |7 1 |9 53435 |a Arxiu |b Arxiu |d 2016-12-01 |h Núm. 0 (juny 1982) |o Rev-2093 |p 15879 |r 2016-12-01 00:00:00 |w 2016-12-01 |y ARXIU | ||
| 999 | |c 57301 |d 57301 | ||